| 000 | 01358nam a2200301 a 4500 | ||
|---|---|---|---|
| 003 | EG-GiCUC | ||
| 005 | 20250223025553.0 | ||
| 008 | 090404s1995 ua dh f m 000 0 eng d | ||
| 040 |
_aEG-GiCUC _beng _cEG-GiCUC |
||
| 041 | 0 | _aeng. | |
| 049 | _aDeposite | ||
| 097 | _aM.Sc. | ||
| 099 | _aCai01.09.08.M.Sc.1995.Gh.E | ||
| 100 | 0 | _aGhada Kamel Nour Eldin | |
| 245 | 1 | 0 |
_aEvaluation of systemic administration of doxycycline as debridement in non insulin dependent diabetic patients / _cGhada Kamel Nour Eldin ; Supervised Gamalat Ahmed Hassan , Ratiba Ghaly Abdelmalak , Mona Salah Darhous |
| 246 | 1 | 5 | _aتقييم استعمال عقار الدوكسي سيكلين جهازيا كمعاون مع التنظيف الالي في مرضي البول السكري الغير معتمدين علي الانسولين |
| 260 |
_aCairo : _bGhada Kamel Nour Eldin , _c1995 |
||
| 300 |
_a97Leaves : _bcharts , facsimiles ; _c30cm |
||
| 502 | _aThesis (M.Sc.) - Cairo University - Faculty of Oral and Dental Medicine - Department of Periodontology | ||
| 700 | 0 |
_aGhada Kamel Nour Eldin , _eSupervisor |
|
| 700 | 0 |
_aMona Salah Darhous , _eSupervisor |
|
| 700 | 0 |
_aRatiba Ghaly Abdelmalak , _eSupervisor |
|
| 856 | _uhttp://172.23.153.220/th.pdf | ||
| 902 | _a1 | ||
| 905 |
_aMustafa _eRevisor |
||
| 905 |
_aSamia _eCataloger |
||
| 942 |
_2ddc _cTH |
||
| 999 |
_c15817 _d15817 |
||